000 00998cam a2200253 4500
001 WB3738-12
008 011009n2001 000 0 eng u
035 _a(Sirsi) u115055
245 _aDemand slumps for luxury rentals
260 _c2001
490 _aEstates Gazette
_v(0140) 6 October 2001, 46(1)
520 _aThe London Residential Benchmark (LRB) report indicates a drop in demand for luxury rented homes, and predicts a fall in rents as a result of the US slowdown and terrorist attacks. The worst affected areas are those which rely on US tenants such as South Kensington and St Johns Wood where supply outstrips demand by three to one. Graph.
590 _aWB
650 _aLONDON
650 _aTERRORISM
650 _aLONDON RESIDENTIAL BENCHMARK
650 _aRESIDENTIAL LETTINGS MARKET
650 _aRESIDENTIAL LETTINGS
650 _aSUPPLY AND DEMAND
650 _aUS ECONOMY
650 _aRENTAL MARKET
690 _aHOUSING-PRIVATE RENTED SECTOR
942 _n0
999 _c68532
_d68532